What life has taught me / (Record no. 6465)

MARC details
000 -LEADER
fixed length control field 00436nam a22001697a 4500
003 - CONTROL NUMBER IDENTIFIER
control field GBCCL
005 - DATE AND TIME OF LATEST TRANSACTION
control field 20241126110604.0
008 - FIXED-LENGTH DATA ELEMENTS--GENERAL INFORMATION
fixed length control field 180515b ||||| |||| 00| 0 eng d
040 ## - CATALOGING SOURCE
Transcribing agency gbc
082 ## - DEWEY DECIMAL CLASSIFICATION NUMBER
Classification number 920
Item number GOU
100 ## - MAIN ENTRY--PERSONAL NAME
Personal name Gougin, T
9 (RLIN) 3424
245 ## - TITLE STATEMENT
Title What life has taught me /
Statement of responsibility, etc. T. Gougin
260 ## - PUBLICATION, DISTRIBUTION, ETC.
Name of publisher, distributor, etc. Author,
Place of publication, distribution, etc. Churachandpur:
Date of publication, distribution, etc. 1982
300 ## - PHYSICAL DESCRIPTION
Extent 122 p.;
Other physical details ill.,
Dimensions 22 cm.
650 ## - SUBJECT ADDED ENTRY--TOPICAL TERM
Topical term or geographic name entry element Gougin, T
General subdivision Biography
9 (RLIN) 11574
942 ## - ADDED ENTRY ELEMENTS (KOHA)
Source of classification or shelving scheme Dewey Decimal Classification
Koha item type Books
Holdings
Withdrawn status Lost status Source of classification or shelving scheme Damaged status Not for loan Home library Current Library Shelving location Date acquired Total checkouts Full call number Barcode Date last seen Copy number Price effective from Koha item type
    Dewey Decimal Classification     GRACE BIBLE COLLEGE GRACE BIBLE COLLEGE General Studies 2018-05-15   920 GOU 005442 2025-05-01 c.1 2018-05-15 Books
© Grace Bible College Library 2025